Teaching Commentary. (Record no. 2312)

MARC details
000 -LEADER
fixed length control field 00589nam a2200241 a 4500
020 ## - INTERNATIONAL STANDARD BOOK NUMBER
ISBN
082 00 - DEWEY DECIMAL CLASSIFICATION NUMBER
Classification number 220.7
Author Cutter MAR
100 ## - MAIN ENTRY--AUTHOR NAME
Author name Martin, Hugh
245 ## - TITLE STATEMENT
Title Teaching Commentary.
260 ## - PUBLICATION, DISTRIBUTION, ETC. (IMPRINT)
Place of publication London
Name of publisher Student Christian Movement Press
Year of publication 1932
300 ## - PHYSICAL DESCRIPTION
Number of Pages 430p
500 ## - GENERAL NOTE
General note includes index and biblioraphy
505 2# - FORMATTED CONTENTS NOTE
Formatted contents note Appendix, Indices
650 ## - SUBJECT ADDED ENTRY--TOPICAL TERM
Topical Term Bible-Commentaries
942 ## - ADDED ENTRY ELEMENTS (KOHA)
Koha item type Books
700 1# -
-- Martin, Hugh
Holdings
Collection code Home library Current library Shelving location Date acquired Cost, normal purchase price Full call number Accession Number Koha item type
Reference Henry Martyn Institute Library Henry Martyn Institute Library Reference 06/18/2007 100.00 220.7 MAR 1774 Archive Book
                   Copyright © 2026 | Henry Martyn Institute | Hyderabad | TS-500052 | INDIA | Implemented by hmi.edu.in
Hit-Count:

Powered by Koha